Top Five Countries by Language - Statistics

General Stats
  • This quiz has been taken 1,046 times
  • The average score is 8 of 15
Answer Stats
English % Correct
United Kingdom
95%
France
93%
Spain
90%
Mexico
86%
Argentina
76%
Chile
61%
Peru
60%
Ireland
58%
New Zealand
45%
Monaco
29%
Luxembourg
23%
Jamaica
20%
Cote d'Ivoire
18%
Barbados
11%
Gabon
10%
No matching quizzes found
Score Distribution
Percent of People with Each Score
Percentile by Number Answered
Your Score History
You have not taken this quiz